Annual report of the Railroad Commission of Texas, Gas Utilities Division.
Report for 1920/21 is found with the Annual report of the Railroad Commission, Oil and Gas Division, 1921.
| New Title: | Railroad Commission of Texas. Transportation Division. Annual report of the Transportation Division of the Railroad Commission of Texas Railroad Commission of Texas. Transportation/Gas Utilities Division. Gas Utilities annual report |
|---|---|
| Corporate Authors: | , |
| Format: | Government Document Serial |
| Language: | English |
| Published: |
Austin :
Railroad Commission of Texas, Gas Utilities Division.
|
| Subjects: |
MARC
| Tag | First Indicator | Second Indicator | Subfields |
|---|---|---|---|
| LEADER | 00000cas a22000001 4500 | ||
| 001 | in00000045780 | ||
| 005 | 20151007075252.0 | ||
| 008 | 790328d192319uutxuar s0 a0eng d | ||
| 010 | |a 41042105 | ||
| 019 | |a 1203058 |a 1203628 |a 1212993 |a 6095234 |a 17417722 | ||
| 035 | |a (OCoLC)ocm04791943 | ||
| 035 | |a (OCoLC)04791943 | ||
| 035 | |9 AAF2925AM | ||
| 040 | |a IKM |c IKM |d DLC |d NST |d DLC |d OCL |d UtOrBLW | ||
| 042 | |a lc | ||
| 043 | |a n-us-tx | ||
| 049 | |a TXAM | ||
| 050 | 0 | 0 | |a TN880 |b .T4 |
| 086 | |a R529.3 An78 |2 txdocs | ||
| 110 | 2 | |a Railroad Commission of Texas. |b Gas Utilities Division. | |
| 245 | 1 | 0 | |a Annual report of the Railroad Commission of Texas, Gas Utilities Division. |
| 264 | 1 | |a Austin : |b Railroad Commission of Texas, Gas Utilities Division. | |
| 300 | |a volumes ; |c 28 cm. | ||
| 310 | |a Annual | ||
| 336 | |a text |b txt |2 rdacontent | ||
| 337 | |a unmediated |b n |2 rdamedia | ||
| 338 | |a volume |b nc |2 rdacarrier | ||
| 362 | 0 | |a 1922/23- | |
| 500 | |a Title varies slightly. | ||
| 520 | |a Report for 1920/21 is found with the Annual report of the Railroad Commission, Oil and Gas Division, 1921. | ||
| 580 | |a Merged with: Railroad Commission of Texas. Transportation Division. Annual report of the Transportation Division of the Railroad Commission of Texas, to form: Railroad Commission of Texas. Transportation/Gas Utilities Division. Gas Utilities annual report. | ||
| 650 | 0 | |a Natural gas |z Texas. | |
| 710 | 2 | 2 | |a Railroad Commission of Texas. |b Oil and Gas Division. |t Annual report. |
| 785 | 1 | 7 | |a Railroad Commission of Texas. Transportation Division. |t Annual report of the Transportation Division of the Railroad Commission of Texas |w (OCoLC)7689928 |
| 785 | 1 | 7 | |a Railroad Commission of Texas. Transportation/Gas Utilities Division. Gas Utilities annual report |w (OCoLC)24857644 |
| 850 | |a DLC |a InLP | ||
| 936 | |a 1921/22-1974/75 | ||
| 994 | |a C0 |b TXA | ||
| 948 | |a cataloged |b h |c 2010/04/01 |e zprado |f 04:13:01 pm | ||
| 999 | |a MARS | ||
| 999 | f | f | |s f8601b93-edfc-3016-85a5-7ba46218e67a |i a9443d29-2df7-3d91-94ed-44c701b9353a |t 0 |
| 952 | f | f | |p normal |a Texas A&M University |b College Station |c Sterling C. Evans Library |d Evans: Texas Documents (Annex 5th floor) |t 0 |e R553.3 An78 |h Superintendent of Documents classification |i unmediated -- volume |k 2007:v.2 |m A14834743027 |
| 952 | f | f | |p normal |a Texas A&M University |b College Station |c Sterling C. Evans Library |d Evans: Texas Documents (Annex 5th floor) |t 0 |e R553.3 An78 |h Superintendent of Documents classification |i unmediated -- volume |l 1986 |m A14814204605 |
| 952 | f | f | |p normal |a Texas A&M University |b College Station |c Sterling C. Evans Library |d Evans: Texas Documents (Annex 5th floor) |t 0 |e R553.3 An78 |h Superintendent of Documents classification |i unmediated -- volume |k 2004:v.1 |m A14833512017 |
| 952 | f | f | |p normal |a Texas A&M University |b College Station |c Sterling C. Evans Library |d Evans: Texas Documents (Annex 5th floor) |t 0 |e R553.3 An78 |h Superintendent of Documents classification |i unmediated -- volume |l 1991:v.1 |m A14816822938 |
| 952 | f | f | |p normal |a Texas A&M University |b College Station |c Sterling C. Evans Library |d Evans: Texas Documents (Annex 5th floor) |t 0 |e R553.3 An78 |h Superintendent of Documents classification |i unmediated -- volume |l 1987 |m A14812682734 |
| 952 | f | f | |p normal |a Texas A&M University |b College Station |c Sterling C. Evans Library |d Evans: Texas Documents (Annex 5th floor) |t 0 |e R553.3 An78 |h Superintendent of Documents classification |i unmediated -- volume |k 2005:v.1 |m A14836994454 |
| 952 | f | f | |p normal |a Texas A&M University |b College Station |c Sterling C. Evans Library |d Evans: Texas Documents (Annex 5th floor) |t 0 |e R553.3 An78 |h Superintendent of Documents classification |i unmediated -- volume |l 1996:v.1 |m A14821816502 |
| 952 | f | f | |p normal |a Texas A&M University |b College Station |c Sterling C. Evans Library |d Evans: Texas Documents (Annex 5th floor) |t 0 |e R553.3 An78 |h Superintendent of Documents classification |i unmediated -- volume |l 1995:v.2 |m A14820432779 |
| 952 | f | f | |p normal |a Texas A&M University |b College Station |c Sterling C. Evans Library |d Evans: Texas Documents (Annex 5th floor) |t 0 |e R553.3 An78 |h Superintendent of Documents classification |i unmediated -- volume |l 2003:v.2 |m A14833847404 |
| 952 | f | f | |p normal |a Texas A&M University |b College Station |c Sterling C. Evans Library |d Evans: Texas Documents (Annex 5th floor) |t 0 |e R553.3 An78 |h Superintendent of Documents classification |i unmediated -- volume |l 1996:v.2 |m A14821816455 |
| 952 | f | f | |p normal |a Texas A&M University |b College Station |c Sterling C. Evans Library |d Evans: Texas Documents (Annex 5th floor) |t 0 |e R553.3 An78 |h Superintendent of Documents classification |i unmediated -- volume |l 1995:v.1 |m A14820432729 |
| 952 | f | f | |p normal |a Texas A&M University |b College Station |c Sterling C. Evans Library |d Evans: Texas Documents (Annex 5th floor) |t 0 |e R553.3 An78 |h Superintendent of Documents classification |i unmediated -- volume |l 2003:v.1 |m A14833847365 |
| 952 | f | f | |p normal |a Texas A&M University |b College Station |c Sterling C. Evans Library |d Evans: Texas Documents (Annex 5th floor) |t 0 |e R553.3 An78 |h Superintendent of Documents classification |i unmediated -- volume |k 1966 |m A14836286445 |
| 952 | f | f | |p normal |a Texas A&M University |b College Station |c Sterling C. Evans Library |d Evans: Texas Documents (Annex 5th floor) |t 0 |e R553.3 An78 |h Superintendent of Documents classification |i unmediated -- volume |k 2007:v.1 |m A14834742990 |
| 952 | f | f | |p normal |a Texas A&M University |b College Station |c Sterling C. Evans Library |d Evans: Texas Documents (Annex 5th floor) |t 0 |e R553.3 An78 |h Superintendent of Documents classification |i unmediated -- volume |l 1989:v.1 |m A14820117450 |
| 952 | f | f | |p normal |a Texas A&M University |b College Station |c Sterling C. Evans Library |d Evans: Texas Documents (Annex 5th floor) |t 0 |e R553.3 An78 |h Superintendent of Documents classification |i unmediated -- volume |l 1992:v.1 |m A14818323265 |
| 952 | f | f | |p normal |a Texas A&M University |b College Station |c Sterling C. Evans Library |d Evans: Texas Documents (Annex 5th floor) |t 0 |e R553.3 An78 |h Superintendent of Documents classification |i unmediated -- volume |k 2006:v.1 |m A14836455997 |
| 952 | f | f | |p normal |a Texas A&M University |b College Station |c Sterling C. Evans Library |d Evans: Texas Documents (Annex 5th floor) |t 0 |e R553.3 An78 |h Superintendent of Documents classification |i unmediated -- volume |l 1994:v.2 |m A14820079050 |
| 952 | f | f | |p normal |a Texas A&M University |b College Station |c Sterling C. Evans Library |d Evans: Texas Documents (Annex 5th floor) |t 0 |e R553.3 An78 |h Superintendent of Documents classification |i unmediated -- volume |k 2004:v.2 |m A14833511930 |
| 952 | f | f | |p normal |a Texas A&M University |b College Station |c Sterling C. Evans Library |d Evans: Texas Documents (Annex 5th floor) |t 0 |e R553.3 An78 |h Superintendent of Documents classification |i unmediated -- volume |l 2001:v.2 |m A14830567429 |
| 952 | f | f | |p normal |a Texas A&M University |b College Station |c Sterling C. Evans Library |d Evans: Texas Documents (Annex 5th floor) |t 0 |e R553.3 An78 |h Superintendent of Documents classification |i unmediated -- volume |l 1990:v.2 |m A14815896586 |
| 952 | f | f | |p normal |a Texas A&M University |b College Station |c Sterling C. Evans Library |d Evans: Texas Documents (Annex 5th floor) |t 0 |e R553.3 An78 |h Superintendent of Documents classification |i unmediated -- volume |l 1993:v.1 |m A14818580477 |
| 952 | f | f | |p normal |a Texas A&M University |b College Station |c Sterling C. Evans Library |d Evans: Texas Documents (Annex 5th floor) |t 0 |e R553.3 An78 |h Superintendent of Documents classification |i unmediated -- volume |l 1991:v.2 |m A14817324161 |
| 952 | f | f | |p normal |a Texas A&M University |b College Station |c Sterling C. Evans Library |d Evans: Texas Documents (Annex 5th floor) |t 0 |e R553.3 An78 |h Superintendent of Documents classification |i unmediated -- volume |l 2001:v.1 |m A14830567461 |
| 952 | f | f | |p normal |a Texas A&M University |b College Station |c Sterling C. Evans Library |d Evans: Texas Documents (Annex 5th floor) |t 0 |e R553.3 An78 |h Superintendent of Documents classification |i unmediated -- volume |l 1994:v.1 |m A14820079000 |
| 952 | f | f | |p normal |a Texas A&M University |b College Station |c Sterling C. Evans Library |d Evans: Texas Documents (Annex 5th floor) |t 0 |e R553.3 An78 |h Superintendent of Documents classification |i unmediated -- volume |l 1989:v.2 |m A14820117442 |
| 952 | f | f | |p normal |a Texas A&M University |b College Station |c Sterling C. Evans Library |d Evans: Texas Documents (Annex 5th floor) |t 0 |e R553.3 An78 |h Superintendent of Documents classification |i unmediated -- volume |k 2005:v.2 |m A14836994739 |
| 952 | f | f | |p normal |a Texas A&M University |b College Station |c Sterling C. Evans Library |d Evans: Texas Documents (Annex 5th floor) |t 0 |e R553.3 An78 |h Superintendent of Documents classification |i unmediated -- volume |l 1988:v.2 |m A14812521051 |
| 952 | f | f | |p normal |a Texas A&M University |b College Station |c Sterling C. Evans Library |d Evans: Texas Documents (Annex 5th floor) |t 0 |e R553.3 An78 |h Superintendent of Documents classification |i unmediated -- volume |k 2006:v.2 |m A14836456008 |
| 952 | f | f | |p normal |a Texas A&M University |b College Station |c Sterling C. Evans Library |d Evans: Texas Documents (Annex 5th floor) |t 0 |e R553.3 An78 |h Superintendent of Documents classification |i unmediated -- volume |l 1993:v.2 |m A14818580524 |
| 952 | f | f | |p normal |a Texas A&M University |b College Station |c Sterling C. Evans Library |d Evans: Texas Documents (Annex 5th floor) |t 0 |e R553.3 An78 |h Superintendent of Documents classification |i unmediated -- volume |l 1988:v.1 |m A14812521108 |
| 952 | f | f | |p normal |a Texas A&M University |b College Station |c Sterling C. Evans Library |d Evans: Texas Documents (Annex 5th floor) |t 0 |e R553.3 An78 |h Superintendent of Documents classification |i unmediated -- volume |l 1990:v.1 |m A14815896099 |
| 952 | f | f | |p normal |a Texas A&M University |b College Station |c Sterling C. Evans Library |d Evans: Texas Documents (Annex 5th floor) |t 0 |e R553.3 An78 |h Superintendent of Documents classification |i unmediated -- volume |l 1992:v.2 |m A14818323304 |
| 998 | f | f | |a R553.3 An78 |s 1966,1986-1996,2001,2003-2008 |t 0 |l Evans: Texas Documents (Annex 5th floor) |